000 00531cam a2200205ua 4500
001 9366
005 20260515114446.0
008 150813n ii |||gr||||Z||||||asm
040 _cMAIN
041 _aasm
082 _a891.4512
100 _aSarma, Satyendranath,
_eAuthor.
245 1 _aAsamia natya sahitya
_cby Satyendranath Sarma
250 _a8th ed./rep.
260 _aGuwahati:
_bSoumar prakash,
_c2002.
300 _a372p.
653 _aEast Indo-European & Celtic literatures
653 _aAssamese drama
942 _cBK
999 _c8417
_d8417